|
|
|
|
| LEADER |
00000cam a22000004a 4500 |
| 001 |
musev2_99320 |
| 003 |
MdBmJHUP |
| 005 |
20230905053421.0 |
| 006 |
m o d |
| 007 |
cr||||||||nn|n |
| 008 |
210921s2022 ilu o 00 0 eng d |
| 010 |
|
|
|z 2021046212
|
| 020 |
|
|
|a 9780810144699
|
| 020 |
|
|
|z 9780810144675
|
| 020 |
|
|
|z 9780810144682
|
| 035 |
|
|
|a (OCoLC)1297825707
|
| 040 |
|
|
|a MdBmJHUP
|c MdBmJHUP
|
| 100 |
1 |
|
|a Baumeister, David,
|e author.
|
| 245 |
1 |
0 |
|a Kant on the Human Animal :
|b Anthropology, Ethics, Race /
|c David Baumeister.
|
| 264 |
|
1 |
|a Evanston, Illinois :
|b Northwestern University Press,
|c 2022.
|
| 264 |
|
3 |
|a Baltimore, Md. :
|b Project MUSE,
|c 2022
|
| 264 |
|
4 |
|c ©2022.
|
| 300 |
|
|
|a 1 online resource.
|
| 336 |
|
|
|a text
|b txt
|2 rdacontent
|
| 337 |
|
|
|a computer
|b c
|2 rdamedia
|
| 338 |
|
|
|a online resource
|b cr
|2 rdacarrier
|
| 505 |
0 |
|
|a Introduction -- Animals, Human and Otherwise -- Animality and Morality -- Anthropologies of the Human Animal -- Animality Unfolded -- Animality and Race -- Epilogue: The Animal-Rational Axis.
|
| 520 |
|
|
|a "Kant on the Human Animal offers the first systematic analysis of this central but neglected dimension of Kant's philosophy"--
|c Provided by publisher.
|
| 588 |
|
|
|a Description based on print version record.
|
| 600 |
1 |
7 |
|a Kant, Immanuel,
|d 1724-1804.
|2 fast
|0 (OCoLC)fst00031763
|
| 600 |
1 |
0 |
|a Kant, Immanuel,
|d 1724-1804.
|
| 650 |
|
7 |
|a Philosophical anthropology.
|2 fast
|0 (OCoLC)fst01060766
|
| 650 |
|
7 |
|a Human beings
|x Animal nature.
|2 fast
|0 (OCoLC)fst00962834
|
| 650 |
|
0 |
|a Human beings
|x Animal nature.
|
| 650 |
|
0 |
|a Philosophical anthropology
|x History
|y 18th century.
|
| 655 |
|
7 |
|a History.
|2 fast
|0 (OCoLC)fst01411628
|
| 655 |
|
7 |
|a Electronic books.
|2 local
|
| 710 |
2 |
|
|a Project Muse.
|e distributor
|
| 830 |
|
0 |
|a Book collections on Project MUSE.
|
| 856 |
4 |
0 |
|z Texto completo
|u https://projectmuse.uam.elogim.com/book/99320/
|
| 945 |
|
|
|a Project MUSE - Custom Collection
|
| 945 |
|
|
|a Project MUSE - 2022 Philosophy and Religion
|
| 945 |
|
|
|a Project MUSE - 2022 Complete
|